IMPLANTABLE HEARING DEVICES OTHE THAN COCHLEAR IMPLANTS (Record no. 23285)

MARC details
000 -LEADER
fixed length control field 00441nam a22001697a 4500
003 - CONTROL NUMBER IDENTIFIER
control field SGT
020 ## - INTERNATIONAL STANDARD BOOK NUMBER
International Standard Book Number 9788132219095
082 ## - DEWEY DECIMAL CLASSIFICATION NUMBER
Classification number 617.8
Item number I14M
100 ## - MAIN ENTRY--PERSONAL NAME
Personal name MANKEKAR, GAURI
245 ## - TITLE STATEMENT
Title IMPLANTABLE HEARING DEVICES OTHE THAN COCHLEAR IMPLANTS
250 ## - EDITION STATEMENT
Edition statement 1ST
260 ## - PUBLICATION, DISTRIBUTION, ETC. (IMPRINT)
Place of publication, distribution, etc INDIA
Name of publisher, distributor, etc SPRINGER PUB
Year of Publication 2014
300 ## - PAGE DESCRIPTION
No. of Pages 109
650 ## - SUBJECT ADDED ENTRY--TOPICAL TERM
Topical term or geographic name as entry element AUDIOLOGY
653 ## - KEYWORDS--INDEX TERM
Keyword term IMPLANTABLE HEARING DEVICES OTHE THAN COCHLEAR IMPLANTS
942 ## - ADDED ENTRY ELEMENTS (KOHA)
Source of classification or shelving scheme Dewey Decimal Classification
Koha item type Books
Holdings
Withdrawn status Lost status Source of classification or shelving scheme Damaged status Not for loan Collection code Home library Current library Shelving location Date acquired Vendor Name Cost, normal purchase price Volume Information (Serial or Books or Non-Book Material) SGTU Bill Number Total Checkouts Full call number Accession No. (Barcode) Date last seen Bill Date Koha item type
    Dewey Decimal Classification   Not For Loan MEDICAL SGT Medical Library SGT Medical Library Reference Book 10/09/2022 ADWELL BOOK COMPNY 14516.00 U-84.99 SGTU 1713   617.8 I14M FM13143 10/09/2022 16/07/2022 Books
    Dewey Decimal Classification   Not For Loan MEDICAL SGT Medical Library SGT Medical Library Reference Book 10/09/2022 ADWELL BOOK COMPNY 14516.00 U-84.99 SGTU 1713   617.8 I14M FM13144 10/09/2022 16/07/2022 Books